[Event "Jamshedpur Abled op 4th"]
[Site "Jamshedpur"]
[Date "2024.06.28"]
[Round "9"]
[White "Thamaraiselvan, K."]
[Black "Pratham, Poddar"]
[Result "1/2-1/2"]
[WhiteElo "1507"]
[BlackElo "1596"]
[PlyCount "87"]
[EventDate "2024.06.25"]
[EventType "swiss"]
[EventRounds "9"]
[EventCountry "IND"]
[SourceTitle "EXT 2025"]
[Source "ChessBase"]
[SourceDate "2024.10.14"]
[SourceVersion "1"]
[SourceVersionDate "2024.10.14"]
[SourceQuality "1"]

1. e4 e5 2. Nf3 Nc6 3. Bc4 Bc5 4. d3 h6 5. c3 Nf6 6. a4 a5 7. h3 0-0 8. 0-0 d5 9. exd5 Nxd5 10. Nbd2 Nf4 11. Ne4 Bd6 12. Bxf4 exf4 13. Nxd6 Qxd6 14. d4 Ne7 15. Re1 Ng6 16. Qd2 Bf5 17. Ne5 Nxe5 18. Rxe5 Qg6 19. Kh2 f3 20. gxf3 Qh5 21. Bf1 Qxf3 22. Bg2 Qh5 23. Re3 Qg5 24. Qe2 Ra6 25. Bxb7 Rg6 26. Rg3 Qf4 27. Rag1 Kh7 28. Qf3 Qxf3 29. Rxf3 Bd7 30. Be4 f5 31. Bc2 Rgf6 32. Rfg3 g6 33. h4 Kg7 34. h5 g5 35. f4 g4 36. Re3 Re6 37. Rge1 Kf6 38. Re5 Rxe5 39. dxe5+ Ke7 40. Kg3 Rb8 41. b3 Be6 42. c4 Rd8 43. Rd1 Rxd1 44. Bxd1 1/2-1/2

[Event "Jamshedpur Abled op 4th"]
[Site "Jamshedpur"]
[Date "2024.06.26"]
[Round "5"]
[White "Thamaraiselvan, K."]
[Black "Shankar, Ramakrishnan"]
[Result "0-1"]
[WhiteElo "1507"]
[BlackElo "1560"]
[PlyCount "68"]
[EventDate "2024.06.25"]
[EventType "swiss"]
[EventRounds "9"]
[EventCountry "IND"]
[SourceTitle "EXT 2025"]
[Source "ChessBase"]
[SourceDate "2024.10.14"]
[SourceVersion "1"]
[SourceVersionDate "2024.10.14"]
[SourceQuality "1"]

1. d4 Nf6 2. c4 e6 3. Nc3 Bb4 4. Bd2 0-0 5. a3 Bxc3 6. Bxc3 d5 7. e3 b6 8. cxd5 exd5 9. h3 Re8 10. Nf3 Nbd7 11. Bd3 Ne4 12. Qc2 h6 13. Rc1 Bb7 14. 0-0 Rc8 15. b4 f5 16. Bb2 Kh8 17. g3 a6 18. Kg2 Re6 19. Ne5 Nxe5 20. dxe5 Qg5 21. Qe2 d4 22. Bxe4 d3 23. Qd2 fxe4 24. Rc4 Bd5 25. Rcc1 h5 26. Bd4 b5 27. Rc5 c6 28. Rfc1 Rf8 29. Rg1 Rf3 30. Qc1 Qf5 31. Rf1 h4 32. g4 Rg6 33. Qe1 Rxg4+ 34. hxg4 Qxg4+ 0-1